Logo BPK

Biblioteka

Politechniki Koszalińskiej

Die Bürger und der Narr oder das Risiko der Phantasie : (Rekord nr 50964)

Szczegóły MARC
000 -ETYKIETA REKORDU
podpole kontrolne o stałej długości 00671nam a2200217 i 4500
001 - NUMER KONTROLNY REKORDU
pole kontrolne bgj
040 ## - ŹRÓDŁO KATALOGOWANIA
Instytucja, która utworzyła rekord BPK
041 0# - KOD JĘZYKA
Kod języka tekstu ger
044 ## - KOD KRAJU WYDAWCY/PRODUCENTA
Kod kraju wydawcy/producenta DEU
080 ## - UNIWERSALNA KLASYFIKACJA DZIESIĘTNA - UKD
UKD 821.112.2
008 - POLE O STAŁEJ DŁUGOŚCI - DANE KONTROLNE
podpole kontrolne o stałej długości s gw f |000 0 ger
100 1# - NAZWA OSOBOWA
Nazwa osobowa PROMIES, Wolfgang.
245 10 - TYTUŁ/ODPOWIEDZIALNOŚĆ
Tytuł Die Bürger und der Narr oder das Risiko der Phantasie :
Ciąg dalszy tytułu sechs Kapitel über das Irrationale in der Literatur des Rationalismus /
Pozostałe elementy strefy tytułu i oznaczenia odpowiedzialności Wolfgang Promies.
260 ## - STREFA ADRESU WYDAWNICZEGO
Miejsce wydania München :
Nazwa wydawcy/dystrybutora Carl Hanser,
Data publikacji, dystrybucji/powstania dokumentu c. 1966.
300 ## - STREFA OPISU FIZYCZNEGO
Objętość 271 s. ;
Rozmiary 21 cm.
490 1# - STREFA SERII I DOKUMENTU WIELOCZĘŚCIOWEGO - FORMA NIE DO WYSZUKIWANIA
Tytuł i oznaczenie odpowiedzialności serii Literatur als Kunst
504 ## - UWAGA DOTYCZĄCA BIBLIOGRAFII
Informacje o bibliografii Bibliogr. s. [343]-357. Indeks.
650 9# - HASŁO PRZEDMIOTOWE W FORMIE NAZWY OGÓLNEJ LUB JEDNOSTKOWEJ
Nazwa ogólna lub geograficzna Literatura niemiecka
830 ## - HASŁO DODATKOWE SERII LUB DOKUMENTU WIELOCZĘŚCIOWEGO - TYTUŁ UJEDNOLICONY
Tytuł ujednolicony Literatur als Kunst
856 ## - LOKALIZACJA I DOSTĘP DO ELEKTRONICZNYCH DOKUMENTÓW ZDALNYCH
Link (URL) http://koha.tu.koszalin.pl/cgi-bin/koha/opac-detail.pl?biblionumber=50964
Tekst linku Katalog online BPK
942 ## - DODATKOWE ELEMENTY (KOHA)
Typ dokumentu Książka
Egzemplarze
Wycofany Status egzemplarza Uszkodzony Dostępność Lokalizacja stała Lokalizacja bieżąca Miejsce przechowywania Sygnatura Kod kreskowy Typ dokumentu
      Tylko na miejscu Biblioteka Politechniki Koszalińskiej Biblioteka Politechniki Koszalińskiej Czytelnia Wydziałowa ul. Kwiatkowskiego 6e N 77 02122731 Książka
© 2023 Biblioteka Politechniki Koszalińskiej :: KOHA